00679nam a2200133Ia 4500008004100000020001800041100009900059245020200158260002700360650001300387856005300400999001900453952007300472171212s9999 xx 000 0 und d a9780833087492 aStraus, Susan G.;Shanley, Michael G.;Sims, Carra S.;Hallmark, Bryan W.;Saavedra, Anna Rosefsky cStraus, Susan G.;Shanley, Michael G.;Sims, Carra S.;Hallmark, Bryan W.;Saavedra, Anna RosefskyaInnovative Leader DevelopmentbEvaluation of the U.S. Army Asymmetric Warfare Adaptive Leader Program bRAND Corporationc2014 aBusiness uhttp://www.jstor.org/stable/10.7249/j.ctt14bs1vn c352226d352226 001040aCLbCLd2017-12-12l0r2017-12-12 00:00:00w2017-12-12yCBE